书目信息 |
| 题名: |
活学曾国藩 活用胡雪岩
|
|
| 作者: | 龙柒 编著 | |
| 分册: | 上 | |
| 出版信息: | 北京 中国画报出版社 2010.05 |
|
| 页数: | 181页 | |
| 开本: | 23cm | |
| 丛书名: | ||
| 单 册: | ||
| 中图分类: | K827=52 , K825.3=52 | |
| 科图分类: | ||
| 主题词: | ||
| 电子资源: | ||
| ISBN: | 978-7-80220-464-5 | |
| 000 | 00871nam0 2200265 450 | |
| 001 | 012010842882 | |
| 005 | 20101106141408.37 | |
| 010 | @a978-7-80220-464-5@dCNY23.90 | |
| 100 | @a20100608d2010 em y0chiy0120 ea | |
| 101 | 0 | @achi |
| 102 | @aCN@b110000 | |
| 105 | @ay z 000yy | |
| 106 | @ar | |
| 200 | 1 | @a活学曾国藩 活用胡雪岩@Ahuo xue ceng guo fan huo yong hu xue yan@h上@f龙柒编著@Flong qi bian zhu |
| 205 | @a第2版 | |
| 210 | @a北京@c中国画报出版社@d2010.05 | |
| 215 | @a181页@d23cm | |
| 330 | @a本书介绍了曾国藩和胡雪岩在稳慎、磨砺、融通、用人、圆世、谋划、泰然等方面的人生哲学。 | |
| 600 | 0 | @a曾国藩,@Aceng guo fan@f1811-1872@x人生哲学 |
| 600 | 0 | @a胡雪岩,@Ahu xue yan@f1823-1885@x人生哲学 |
| 690 | @aK827=52@v4 | |
| 690 | @aK825.3=52@v4 | |
| 701 | 0 | @a龙柒@Along qi@4编著 |
| 801 | 0 | @aCN@bQSSK@c20101106 |
| 905 | @b786964-66@dK827=52@eZ021:1@f3 | |
| 活学曾国藩 活用胡雪岩.上/龙柒编著.-第2版.-北京:中国画报出版社,2010.05 |
| 181页;23cm |
| ISBN 978-7-80220-464-5:CNY23.90 |
| 本书介绍了曾国藩和胡雪岩在稳慎、磨砺、融通、用人、圆世、谋划、泰然等方面的人生哲学。 |
| ● |
| 相关链接 |
|
|
|
正题名:活学曾国藩 活用胡雪岩
索取号:K827=52/Z021:1
 
预约/预借
| 序号 | 登录号 | 条形码 | 馆藏地/架位号 | 状态 | 备注 |
| 1 | 786964 | 207869644 | 社科库309/309社科库 58排5列1层/ [索取号:K827=52/Z021:1] | 在馆 | |
| 2 | 786966 | 207869662 | 社科库309/309社科库 58排5列1层/ [索取号:K827=52/Z021:1] | 在馆 |